[Event "D"]
[Site "?"]
[Date "2018.08.25"]
[Round "1.4"]
[White "Czak, Dominik"]
[Black "Bednarczyk, Mateusz"]
[Result "0-1"]
[BlackElo "1451"]
[WhiteElo "1046"]
[LiveChessVersion "1.4.8"]

1. d4 Nf6 2. c4 g6 3. Nc3 Bg7 4. e4 d6 5. f4 O-O 6. Nf3 Nbd7 7. Be2 c5 8. d5 Nb6
9. O-O Nfd7 10. Qc2 Re8 11. b3 Nf8 12. Bb2 e6 13. Bd3 Nbd7 14. Rfe1 e5 15. Ne2
exf4 16. Bxg7 Kxg7 17. Nxf4 Ne5 18. Nxe5 Rxe5 19. Qf2 Nd7 20. Rf1 Re7 21. Rae1
Ne5 22. Bc2 Rc7 23. h3 a6 24. Nd3 Qe7 25. Qf4 f6 26. Nxe5 Qxe5 27. Qxe5 fxe5 28.
Re2 b5 29. Ref2 Rb8 30. Rf6 Rd7 31. Rf8 Ra8 32. Re8 Bb7 33. Rxa8 Bxa8 34. cxb5
axb5 35. Bd3 b4 36. Bb1 Ra7 37. Rf2 Bb7 38. Kh2 Ba6 39. g3 Bb5 40. Kg1 Ra3 41.
Kh2 c4 42. bxc4 Bxc4 43. Kg2 Rc3 44. Rb2 b3 45. axb3 Rxb3 46. Rxb3 Bxb3 47. Bd3
Kf6 48. Kf3 h6 49. h4 h5 50. Ke3 Ba4 51. Be2 Bd7 52. Bd1 Ke7 53. Be2 Kd8 54. Kf2
Kc7 55. g4 Be8 56. g5 Kb6 57. Ke3 Kc5 58. Bd3 Bb5 59. Bxb5 Kxb5 60. Kf3 Kc4 61.
Ke3 Kc3 62. Ke2 Kd4 63. Kf3 Kd3 64. Kf2 Kxe4 65. Ke2 Kxd5 66. Ke3 Ke6 67. Ke4 d5+
68. Ke3 Kf5 69. Kf3 d4 70. Ke2 Kf4 71. Kd3 Kf3 72. Kd2 e4 73. Ke1 e3 74. Kd1 e2+
75. Kc2 d3+ 76. Kxd3 e1=Q 77. Kc2 Ke3 78. Kb3 Qc1 79. Kb4 Kd4 80. Kb5 Qc7 81. Kb4
Qb6+ 82. Ka3 Kc3 83. Ka2 Qb2# 0-1

[Event "D"]
[Site "?"]
[Date "2018.08.25"]
[Round "1.6"]
[White "Oklinski, Franciszek"]
[Black "Grzebieniowski, Michal"]
[Result "0-1"]
[BlackElo "1385"]
[WhiteElo "1040"]
[LiveChessVersion "1.4.8"]

1. e4 {[%clk 1:30:57]} e5 {[%clk 1:30:48]} 2. Nf3 {[%clk 1:31:20]} Nc6
{[%clk 1:31:15]} 3. d4 {[%clk 1:30:47]} d6 {[%clk 1:30:49]} 4. dxe5
{[%clk 1:29:58]} dxe5 {[%clk 1:31:02]} 5. Qxd8+ {[%clk 1:30:12]} Kxd8
{[%clk 1:31:23]} 6. Bc4 {[%clk 1:30:16]} f6 {[%clk 1:31:44]} 7. h3
{[%clk 1:26:27]} Bc5 {[%clk 1:30:49]} 8. O-O {[%clk 1:22:46]} g5 {[%clk 1:27:56]}
9. Rd1+ {[%clk 1:21:26]} Ke7 {[%clk 1:28:19]} 10. Nc3 {[%clk 1:19:29]} Bd6
{[%clk 1:27:55]} 11. Nh2 {[%clk 1:18:42]} Nd4 {[%clk 1:27:55]} 12. Bd3
{[%clk 1:17:49]} c6 {[%clk 1:28:01]} 13. Be3 {[%clk 1:15:57]} Ne6
{[%clk 1:27:52]} 14. Bc4 {[%clk 1:10:38]} b5 {[%clk 1:28:08]} 15. Be2
{[%clk 1:10:00]} Bb7 {[%clk 1:27:09]} 16. Rd2 {[%clk 1:07:35]} Rd8
{[%clk 1:24:51]} 17. a3 {[%clk 0:55:15]} a6 {[%clk 1:23:30]} 18. b4
{[%clk 0:51:47]} Nh6 {[%clk 1:21:10]} 19. Rad1 {[%clk 0:49:45]} Rd7
{[%clk 1:18:11]} 20. Ng4 {[%clk 0:48:37]} Ng8 {[%clk 1:16:36]} 21. Bc5
{[%clk 0:45:09]} Nd4 {[%clk 1:15:49]} 22. Bxd4 {[%clk 0:45:31]} exd4
{[%clk 1:16:09]} 23. Rxd4 {[%clk 0:45:45]} h5 {[%clk 1:15:37]} 24. Ne3
{[%clk 0:45:42]} Nh6 {[%clk 1:16:03]} 25. Bxh5 {[%clk 0:39:30]} Rhd8
{[%clk 1:16:13]} 26. Ng4 {[%clk 0:36:44]} Nxg4 {[%clk 1:16:11]} 27. Bxg4
{[%clk 0:37:07]} Bh2+ {[%clk 1:16:32]} 28. Kxh2 {[%clk 0:37:11]} Rxd4
{[%clk 1:16:53]} 29. Rxd4 {[%clk 0:36:59]} Rxd4 {[%clk 1:16:55]} 30. Be2
{[%clk 0:36:27]} Kd6 {[%clk 1:16:20]} 31. Bd3 {[%clk 0:35:46]} Ke5
{[%clk 1:15:49]} 32. Kg3 {[%clk 0:35:18]} Rd8 {[%clk 1:15:58]} 33. Kg4
{[%clk 0:35:29]} Rh8 {[%clk 1:15:23]} 34. Ne2 {[%clk 0:35:33]} Rh7
{[%clk 1:13:42]} 35. g3 {[%clk 0:35:44]} Bc8+ {[%clk 1:14:05]} 36. Kf3 Bxh3 37.
Kg4 {[%clk 0:34:23]} 0-1

[Event "D"]
[Site "?"]
[Date "2018.08.25"]
[Round "1.8"]
[White "Vanduyfhuys, Ilja"]
[Black "Szuber, Dawid"]
[Result "0-1"]
[BlackElo "1349"]
[WhiteElo "1021"]
[LiveChessVersion "1.4.8"]

1. e4 {[%clk 1:30:57]} c5 {[%clk 1:30:55]} 2. Nf3 {[%clk 1:31:23]} d6
{[%clk 1:31:13]} 3. Bc4 {[%clk 1:30:33]} e6 {[%clk 1:31:29]} 4. Nc3
{[%clk 1:30:36]} a6 {[%clk 1:31:51]} 5. a4 {[%clk 1:30:39]} Nc6 {[%clk 1:31:51]}
6. d4 {[%clk 1:30:20]} cxd4 {[%clk 1:31:52]} 7. Nxd4 {[%clk 1:30:44]} Nf6
{[%clk 1:31:25]} 8. O-O {[%clk 1:28:07]} Be7 {[%clk 1:31:23]} 9. Be3
{[%clk 1:26:46]} Qc7 {[%clk 1:31:04]} 10. Re1 {[%clk 1:24:52]} b6
{[%clk 1:30:27]} 11. Nxc6 {[%clk 1:22:26]} Qxc6 {[%clk 1:29:22]} 12. Qd3
{[%clk 1:19:43]} O-O {[%clk 1:28:46]} 13. Bg5 {[%clk 1:19:17]} Bb7
{[%clk 1:28:09]} 14. f3 {[%clk 1:17:08]} Rfc8 {[%clk 1:26:28]} 15. Bb3
{[%clk 1:17:00]} Rd8 {[%clk 1:26:15]} 16. Qe3 {[%clk 1:15:37]} Qc7
{[%clk 1:23:15]} 17. Rad1 {[%clk 1:15:10]} Rac8 {[%clk 1:19:57]} 18. Bf4
{[%clk 1:09:01]} Nh5 {[%clk 1:16:49]} 19. Bg5 {[%clk 1:08:39]} Nf6
{[%clk 1:15:44]} 20. Bf4 {[%clk 1:08:53]} Rd7 {[%clk 1:12:11]} 21. e5
{[%clk 1:08:45]} dxe5 {[%clk 1:09:26]} 22. Bxe5 {[%clk 1:08:16]} Bc5
{[%clk 1:07:27]} 23. Bxc7 {[%clk 1:07:53]} Bxe3+ {[%clk 1:07:19]} 24. Rxe3
{[%clk 1:08:13]} Rxd1+ {[%clk 1:07:15]} 25. Nxd1 {[%clk 1:08:24]} Rxc7
{[%clk 1:07:41]} 26. Rd3 {[%clk 1:08:42]} Rd7 {[%clk 1:07:27]} 27. Rxd7
{[%clk 1:09:06]} Nxd7 {[%clk 1:07:52]} 28. Ne3 {[%clk 1:09:26]} Bc6
{[%clk 1:06:32]} 29. Kf2 {[%clk 1:09:42]} Nc5 {[%clk 1:06:19]} 30. Nc4
{[%clk 1:07:53]} Nd7 {[%clk 1:04:19]} 31. Ke3 {[%clk 1:07:51]} Kf8
{[%clk 1:04:40]} 32. Kd4 {[%clk 1:07:25]} Ke7 {[%clk 1:04:40]} 33. Ne5
{[%clk 1:07:34]} Nxe5 {[%clk 1:04:01]} 34. Kxe5 {[%clk 1:07:56]} h6
{[%clk 1:04:26]} 35. c4 {[%clk 1:06:58]} f6+ {[%clk 1:04:36]} 36. Kd4
{[%clk 1:07:21]} Kd6 {[%clk 1:04:46]} 37. Bc2 {[%clk 1:07:16]} e5+
{[%clk 1:04:20]} 38. Kc3 {[%clk 1:07:37]} Kc5 {[%clk 1:04:47]} 39. b4+
{[%clk 1:07:44]} Kd6 {[%clk 1:04:45]} 40. b5 {[%clk 1:07:46]} axb5
{[%clk 1:04:35]} 41. cxb5 {[%clk 1:08:10]} Bd5 {[%clk 1:04:56]} 42. Be4
{[%clk 1:07:27]} Bxe4 {[%clk 1:05:09]} 43. fxe4 {[%clk 1:07:52]} Kc5
{[%clk 1:05:31]} 44. h3 {[%clk 1:07:52]} h5 {[%clk 1:05:00]} 45. g3
{[%clk 1:07:45]} g6 {[%clk 1:03:51]} 46. g4 {[%clk 1:08:03]} h4 {[%clk 1:03:56]}
47. Kb3 {[%clk 1:07:47]} Kd6 {[%clk 0:57:29]} 48. Kb4 {[%clk 1:08:00]} Kc7
{[%clk 0:57:17]} 49. a5 {[%clk 1:07:30]} bxa5+ {[%clk 0:57:28]} 50. Kxa5
{[%clk 1:07:52]} f5 {[%clk 0:57:12]} 51. gxf5 {[%clk 1:07:46]} gxf5
{[%clk 0:57:38]} 52. exf5 {[%clk 1:08:06]} e4 {[%clk 0:57:51]} 53. Ka6
{[%clk 1:07:57]} e3 {[%clk 0:57:08]} 54. b6+ {[%clk 1:08:18]} Kc6
{[%clk 0:56:23]} 0-1

[Event "D"]
[Site "?"]
[Date "2018.08.25"]
[Round "1.10"]
[White "Przybylik, Alicja"]
[Black "Klisowski, Bartosz"]
[Result "0-1"]
[BlackElo "1330"]
[WhiteElo "1009"]
[LiveChessVersion "1.4.8"]

1. e4 {[%clk 1:30:58]} c6 {[%clk 1:30:52]} 2. Nf3 {[%clk 1:31:13]} d5
{[%clk 1:31:17]} 3. Bd3 {[%clk 1:31:10]} Bg4 {[%clk 1:31:24]} 4. Nc3
{[%clk 1:31:16]} e6 {[%clk 1:31:13]} 5. h3 {[%clk 1:31:14]} Bh5 {[%clk 1:31:21]}
6. b3 {[%clk 1:30:48]} Nd7 {[%clk 1:31:17]} 7. Be2 {[%clk 1:29:33]} Bd6
{[%clk 1:30:20]} 8. Bb2 {[%clk 1:27:30]} Bxf3 {[%clk 1:29:54]} 9. Bxf3
{[%clk 1:27:39]} d4 {[%clk 1:30:02]} 10. Ne2 {[%clk 1:26:30]} e5 {[%clk 1:30:25]}
11. d3 {[%clk 1:24:30]} Ne7 {[%clk 1:29:22]} 12. c3 {[%clk 1:21:44]} c5
{[%clk 1:28:54]} 13. Qd2 {[%clk 1:19:10]} O-O {[%clk 1:28:14]} 14. Qg5
{[%clk 1:15:41]} Ng6 {[%clk 1:28:24]} 15. Qh5 {[%clk 1:15:06]} Nf6
{[%clk 1:27:09]} 16. Qg5 {[%clk 1:14:53]} Be7 {[%clk 1:26:38]} 17. h4
{[%clk 1:08:32]} Nd7 {[%clk 1:26:04]} 18. Qg3 {[%clk 1:06:59]} Bxh4
{[%clk 1:25:51]} 19. Qh3 {[%clk 1:04:21]} h6 {[%clk 1:25:14]} 20. Bh5
{[%clk 1:02:00]} Bg5 {[%clk 1:24:36]} 21. Ng3 {[%clk 1:00:16]} Nf4
{[%clk 1:24:26]} 22. Qf5 {[%clk 0:53:01]} Nxd3+ {[%clk 1:23:29]} 23. Kd1
{[%clk 0:52:43]} Nxb2+ {[%clk 1:23:41]} 24. Kc2 {[%clk 0:53:04]} dxc3
{[%clk 1:22:56]} 25. Kxc3 {[%clk 0:51:59]} Nf6 {[%clk 1:20:25]} 26. Kxb2
{[%clk 0:50:23]} Qd4+ {[%clk 1:20:38]} 27. Ka3 {[%clk 0:49:43]} Qb4+
{[%clk 1:18:57]} 28. Kb2 {[%clk 0:49:54]} Rad8 {[%clk 1:18:18]} 29. Rad1
{[%clk 0:44:49]} Rd2+ {[%clk 1:18:13]} 30. Rxd2 {[%clk 0:44:37]} Qxd2+
{[%clk 1:18:37]} 31. Ka3 {[%clk 0:44:41]} Qb4+ {[%clk 1:19:02]} 32. Kb2
{[%clk 0:44:58]} Qd4+ {[%clk 1:18:02]} 33. Kc2 {[%clk 0:43:32]} Nxh5
{[%clk 1:17:35]} 34. Nxh5 {[%clk 0:43:40]} Qd2+ {[%clk 1:17:54]} 35. Kb1
{[%clk 0:43:52]} Qd3+ {[%clk 1:17:16]} 36. Kb2 {[%clk 0:44:03]} Qd4+
{[%clk 1:17:41]} 37. Kc2 {[%clk 0:43:45]} Rd8 {[%clk 1:17:53]} 38. Kb1
{[%clk 0:40:35]} Qd3+ {[%clk 1:17:43]} 39. Kb2 {[%clk 0:40:24]} Qe2+
{[%clk 1:17:47]} 40. Ka3 {[%clk 0:39:05]} Qa6+ {[%clk 1:17:49]} 41. Kb2
{[%clk 0:39:06]} Rd2+ {[%clk 1:17:59]} 42. Kc1 {[%clk 0:34:52]} Rxf2+
{[%clk 1:18:14]} 43. Qxg5 {[%clk 0:33:15]} hxg5 {[%clk 1:18:34]} 44. Ng3
{[%clk 0:32:44]} Qxa2 {[%clk 1:18:43]} 45. Ne2 {[%clk 0:31:53]} Rxe2
{[%clk 1:18:59]} 46. Kd1 {[%clk 0:32:08]} Qd2# {[%clk 1:19:20]} 0-1

[Event "D"]
[Site "?"]
[Date "2018.08.25"]
[Round "2.2"]
[White "Homza, Dominik"]
[Black "Barwinska, Ewa"]
[Result "0-1"]
[BlackElo "1451"]
[WhiteElo "1193"]
[LiveChessVersion "1.4.8"]

1. f4 c5 2. Nf3 Nf6 3. Nc3 g6 4. e4 d6 5. g3 Bg7 6. Bg2 O-O 7. O-O Nc6 8. d3 Rb8
9. h3 b5 10. g4 b4 11. Ne2 Qb6 12. Kh1 e6 13. Ng3 Nd4 14. Nxd4 cxd4 15. g5 Nd7
16. h4 Bb7 17. h5 Rfc8 18. Rf2 f6 19. gxf6 Nxf6 20. Bh3 Re8 21. Kg1 Qc5 22. hxg6
hxg6 23. Rh2 Bc8 24. Qe2 a5 25. Qg2 Bd7 26. Nf1 Kf7 27. Qe2 Bc8 28. Ng3 Kg8 29.
Qf3 a4 30. Rf2 Bd7 31. Qe2 a3 32. b3 Nh5 33. Nxh5 Qxh5 34. Qxh5 gxh5 35. Rg2 Kf7
36. Rg5 Rh8 37. Bd2 Rhc8 38. Rc1 Rh8 39. Kh2 Bf6 40. Rg2 Rhc8 41. Rf2 Bh4 42. Rg2
Bf6 43. Rf2 Be8 44. f5 e5 45. Rg2 d5 46. exd5 Rc5 47. Re2 Rxd5 48. Bg2 Rc5 49.
Bf3 Ke7 50. Bf4 Kd6 51. Bh6 Ke7 52. Bf4 Bd7 53. Rce1 Kd6 54. Bd2 Bxf5 55. Bxh5
Ke6 56. Bf3 Rxc2 57. Ra1 Bxd3 58. Bg4+ Kd5 59. Bf3+ e4 60. Bxe4+ Bxe4 61. Rae1
Bf3 62. Rf2 Bh4 63. Rxf3 Rxd2+ 64. Kh3 Bxe1 65. Rf5+ Ke6 66. Rh5 Rxa2 67. Rh6+
Kf7 68. Rh7+ Kg6 69. Ra7 Rh8+ 70. Kg4 Rg2+ 71. Kf3 Rf2+ 0-1

[Event "D"]
[Site "?"]
[Date "2018.08.25"]
[Round "2.3"]
[White "Bednarczyk, Mateusz"]
[Black "Zawada, Radoslaw"]
[Result "1-0"]
[BlackElo "1192"]
[WhiteElo "1451"]
[LiveChessVersion "1.4.8"]

1. e4 {[%clk 1:30:58]} c5 {[%clk 1:30:57]} 2. Nf3 {[%clk 1:31:22]} e6
{[%clk 1:31:18]} 3. d4 {[%clk 1:31:47]} cxd4 {[%clk 1:31:32]} 4. Nxd4
{[%clk 1:32:13]} Nf6 {[%clk 1:31:52]} 5. Nc3 {[%clk 1:32:40]} Nc6
{[%clk 1:32:11]} 6. Ndb5 {[%clk 1:33:07]} d6 {[%clk 1:31:43]} 7. Bf4
{[%clk 1:32:23]} e5 {[%clk 1:30:48]} 8. Bg5 {[%clk 1:32:50]} a6 {[%clk 1:30:31]}
9. Na3 {[%clk 1:33:18]} h6 {[%clk 1:30:20]} 10. Bxf6 {[%clk 1:33:21]} Qxf6
{[%clk 1:30:38]} 11. Nd5 {[%clk 1:33:33]} Qd8 {[%clk 1:31:06]} 12. Nc4
{[%clk 1:33:57]} Be6 {[%clk 1:29:14]} 13. Nce3 {[%clk 1:33:43]} Be7
{[%clk 1:21:14]} 14. Bd3 {[%clk 1:33:20]} O-O {[%clk 1:17:43]} 15. Qd2
{[%clk 1:32:59]} b5 {[%clk 1:15:59]} 16. O-O {[%clk 1:30:41]} Bg5
{[%clk 1:15:16]} 17. Qe1 {[%clk 1:29:30]} Ra7 {[%clk 1:03:23]} 18. c3
{[%clk 1:28:08]} Rd7 {[%clk 0:58:49]} 19. a4 {[%clk 1:28:10]} Qb8
{[%clk 0:57:59]} 20. axb5 {[%clk 1:27:04]} axb5 {[%clk 0:58:27]} 21. Qe2
{[%clk 1:26:58]} b4 {[%clk 0:57:50]} 22. Bb5 {[%clk 1:27:14]} Rc8
{[%clk 0:54:04]} 23. Nxb4 {[%clk 1:27:41]} 1-0

[Event "D"]
[Site "?"]
[Date "2018.08.25"]
[Round "2.4"]
[White "Twardziak, Jerzy"]
[Black "Cieply, Krzysztof"]
[Result "0-1"]
[BlackElo "1400"]
[WhiteElo "1192"]
[LiveChessVersion "1.4.8"]

1. e4 c5 2. Nf3 Nc6 3. d4 cxd4 4. Nxd4 Nf6 5. Nc3 e5 6. Nb3 Bb4 7. Qd3 d5 8. Bd2
d4 9. Nd5 Bxd2+ 10. Nxd2 Nxd5 11. exd5 Qxd5 12. O-O-O O-O 13. a3 Kh8 14. f3 Be6
15. Be2 a6 16. f4 f6 17. f5 Bf7 18. Bf3 Qd8 19. h4 Rc8 20. g4 b5 21. Rdg1 Na5 22.
g5 Bc4 23. Nxc4 bxc4 24. Qe4 d3 25. h5 fxg5 26. h6 Qf6 27. hxg7+ Qxg7 28. f6 Rxf6
29. Kd1 dxc2+ 30. Kxc2 Rf4 31. Qe3 Qg6+ 32. Kd1 Rd8+ 33. Ke2 Qc2+ 34. Ke1 Qb1+
35. Kf2 Qxb2+ 36. Kg3 Rd3 37. Rxh7+ Kxh7 38. Qa7+ Nb7 39. Rh1+ Kg7 40. Rf1 e4 41.
Rf2 Rdxf3+ 42. Rxf3 Rxf3+ 43. Kg4 Qg2+ 44. Kh5 Rh3# 0-1

[Event "D"]
[Site "?"]
[Date "2018.08.25"]
[Round "2.6"]
[White "Stefaniuk, Zbigniew"]
[Black "Kolarz, Maciej"]
[Result "0-1"]
[BlackElo "1378"]
[WhiteElo "1173"]
[LiveChessVersion "1.4.8"]

1. d4 {[%clk 1:30:58]} Nf6 {[%clk 1:30:53]} 2. c4 {[%clk 1:31:23]} d6
{[%clk 1:31:13]} 3. Nc3 {[%clk 1:31:44]} Nbd7 {[%clk 1:30:53]} 4. e4
{[%clk 1:31:45]} e5 {[%clk 1:31:15]} 5. d5 {[%clk 1:31:25]} a5 {[%clk 1:31:37]}
6. Be3 {[%clk 1:31:19]} Nc5 {[%clk 1:31:41]} 7. Bd3 {[%clk 1:30:25]} Bg4
{[%clk 1:31:46]} 8. f3 {[%clk 1:30:25]} Bd7 {[%clk 1:31:08]} 9. Bc2
{[%clk 1:30:36]} b6 {[%clk 1:29:31]} 10. Nge2 {[%clk 1:29:44]} Be7
{[%clk 1:29:44]} 11. O-O {[%clk 1:29:55]} O-O {[%clk 1:30:11]} 12. Ng3
{[%clk 1:29:11]} Ne8 {[%clk 1:29:39]} 13. Nf5 {[%clk 1:28:36]} Bg5
{[%clk 1:29:31]} 14. Bxg5 {[%clk 1:23:57]} Qxg5 {[%clk 1:29:46]} 15. Qc1
{[%clk 1:23:48]} Qf4 {[%clk 1:23:50]} 16. Qxf4 {[%clk 1:22:55]} exf4
{[%clk 1:24:14]} 17. Ne2 {[%clk 1:22:33]} g5 {[%clk 1:24:42]} 18. Ned4
{[%clk 1:20:19]} f6 {[%clk 1:24:38]} 19. Nh6+ {[%clk 1:18:31]} Kg7
{[%clk 1:24:34]} 20. Nhf5+ {[%clk 1:17:10]} Kf7 {[%clk 1:24:36]} 21. Nh6+
{[%clk 1:17:16]} Kg6 {[%clk 1:25:00]} 22. Nhf5 {[%clk 1:15:12]} Ng7
{[%clk 1:24:43]} 23. Ne7+ {[%clk 1:12:56]} Kf7 {[%clk 1:25:08]} 24. Nef5
{[%clk 1:11:56]} h5 {[%clk 1:25:13]} 25. Nh6+ {[%clk 1:10:23]} Kg6
{[%clk 1:25:36]} 26. Nhf5 {[%clk 1:09:17]} h4 {[%clk 1:26:05]} 27. Nxg7
{[%clk 1:07:04]} Kxg7 {[%clk 1:26:29]} 28. h3 {[%clk 1:07:14]} Rae8
{[%clk 1:26:46]} 29. Rae1 {[%clk 1:07:05]} Re5 {[%clk 1:26:59]} 30. Nf5+
{[%clk 1:02:13]} Kf7 {[%clk 1:27:14]} 31. Nh6+ {[%clk 1:02:05]} Kg6
{[%clk 1:27:41]} 32. Nf5 {[%clk 1:01:22]} Rfe8 {[%clk 1:27:46]} 33. Nd4
{[%clk 1:01:26]} Kf7 {[%clk 1:27:09]} 34. Kf2 {[%clk 1:01:34]} Na6
{[%clk 1:25:57]} 35. Bb1 {[%clk 1:00:01]} Nc5 {[%clk 1:25:43]} 36. Bc2
{[%clk 1:00:06]} Nb7 {[%clk 1:26:07]} 37. Bb1 {[%clk 0:58:22]} Nd8
{[%clk 1:26:23]} 38. Bc2 {[%clk 0:58:01]} Kf8 {[%clk 1:26:32]} 39. Bd1
{[%clk 0:56:19]} Nf7 {[%clk 1:26:43]} 40. Bc2 {[%clk 0:56:15]} Nh6
{[%clk 1:26:57]} 41. Bb1 {[%clk 0:55:29]} Kf7 {[%clk 1:27:11]} 42. Bc2
{[%clk 0:55:39]} Kg6 {[%clk 1:15:41]} 43. Bb1 {[%clk 0:54:55]} f5
{[%clk 1:15:53]} 44. exf5+ {[%clk 0:54:14]} Nxf5 {[%clk 1:16:19]} 45. Bxf5+
{[%clk 0:52:22]} Bxf5 {[%clk 1:16:43]} 46. Nxf5 {[%clk 0:50:53]} Kxf5
{[%clk 1:17:09]} 47. Rxe5+ {[%clk 0:49:01]} Rxe5 {[%clk 1:17:30]} 48. Rd1
{[%clk 0:48:28]} Re3 {[%clk 1:17:52]} 49. Rd2 {[%clk 0:47:28]} Ke5
{[%clk 1:17:00]} 50. Rd1 {[%clk 0:46:59]} a4 {[%clk 1:17:09]} 51. Rd2
{[%clk 0:42:29]} a3 {[%clk 1:17:09]} 52. b3 {[%clk 0:41:22]} Rc3 {[%clk 1:17:27]}
53. Ke2 {[%clk 0:41:02]} b5 {[%clk 1:17:25]} 54. cxb5 {[%clk 0:35:00]} Rc5
{[%clk 1:17:44]} 55. b4 {[%clk 0:22:19]} Rxb5 {[%clk 1:18:06]} 56. Rd3
{[%clk 0:21:17]} Rxb4 {[%clk 1:18:23]} 57. Rxa3 {[%clk 0:20:54]} Kxd5
{[%clk 1:18:49]} 58. Ra5+ {[%clk 0:20:15]} c5 {[%clk 1:19:11]} 59. a4
{[%clk 0:19:50]} Kd4 {[%clk 1:19:26]} 60. Ra6 {[%clk 0:18:50]} d5
{[%clk 1:19:45]} 61. a5 {[%clk 0:15:20]} Rb2+ {[%clk 1:20:06]} 62. Kf1
{[%clk 0:15:28]} c4 {[%clk 1:20:31]} 63. Rc6 {[%clk 0:15:43]} Ra2
{[%clk 1:20:48]} 64. a6 {[%clk 0:15:46]} c3 {[%clk 1:21:13]} 65. Kg1
{[%clk 0:15:08]} Kd3 0-1

[Event "D"]
[Site "?"]
[Date "2018.08.25"]
[Round "2.7"]
[White "Szuber, Dawid"]
[Black "Grubiak, Karol"]
[Result "1-0"]
[BlackElo "1164"]
[WhiteElo "1349"]
[LiveChessVersion "1.4.8"]

1. e4 {[%clk 1:30:57]} e5 {[%clk 1:30:54]} 2. Nf3 {[%clk 1:31:11]} Nc6
{[%clk 1:31:17]} 3. Bb5 {[%clk 1:31:36]} d6 {[%clk 1:31:20]} 4. O-O
{[%clk 1:31:46]} Bg4 {[%clk 1:31:01]} 5. h3 {[%clk 1:31:50]} Bh5 {[%clk 1:31:15]}
6. Nc3 {[%clk 1:31:20]} Nf6 {[%clk 1:31:10]} 7. d3 {[%clk 1:31:02]} h6
{[%clk 1:31:18]} 8. Qe2 {[%clk 1:30:09]} Nd7 {[%clk 1:31:09]} 9. Bxc6
{[%clk 1:29:47]} bxc6 {[%clk 1:31:31]} 10. Qe3 {[%clk 1:30:11]} Bxf3
{[%clk 1:29:46]} 11. Qxf3 {[%clk 1:30:30]} Qf6 {[%clk 1:30:03]} 12. Qxf6
{[%clk 1:30:42]} Nxf6 {[%clk 1:30:25]} 13. f4 {[%clk 1:31:05]} exf4
{[%clk 1:30:10]} 14. Bxf4 {[%clk 1:31:32]} Be7 {[%clk 1:25:51]} 15. e5
{[%clk 1:31:23]} Nd7 {[%clk 1:23:13]} 16. Rae1 {[%clk 1:31:20]} O-O
{[%clk 1:19:08]} 17. d4 {[%clk 1:29:37]} Rab8 {[%clk 1:18:39]} 18. b3
{[%clk 1:29:36]} Rb4 {[%clk 1:14:07]} 19. Rd1 {[%clk 1:28:37]} Kh7
{[%clk 1:12:26]} 20. a3 {[%clk 1:28:11]} Rb6 {[%clk 1:12:03]} 21. Na4
{[%clk 1:27:48]} Rb5 {[%clk 1:12:04]} 22. Rfe1 {[%clk 1:28:08]} Rbb8
{[%clk 1:08:23]} 23. Nb2 {[%clk 1:28:28]} Rfe8 {[%clk 1:06:01]} 24. Nc4
{[%clk 1:28:34]} d5 {[%clk 1:05:03]} 25. Na5 {[%clk 1:28:40]} Bxa3
{[%clk 1:04:40]} 26. Ra1 {[%clk 1:25:56]} Bb2 {[%clk 1:03:38]} 27. Ra4
{[%clk 1:25:28]} Bc3 {[%clk 1:03:45]} 28. Rd1 {[%clk 1:25:11]} Bxa5
{[%clk 1:03:53]} 29. Rxa5 {[%clk 1:25:39]} Rb7 {[%clk 1:03:52]} 30. Rda1
{[%clk 1:25:50]} Ra8 {[%clk 1:03:29]} 31. Ra6 {[%clk 1:26:06]} Nb8
{[%clk 1:02:33]} 32. R6a5 {[%clk 1:26:09]} a6 {[%clk 1:01:45]} 33. Re1
{[%clk 1:26:11]} Raa7 {[%clk 0:59:32]} 34. e6 {[%clk 1:24:35]} fxe6
{[%clk 0:59:51]} 35. Rxe6 {[%clk 1:24:53]} Rb5 {[%clk 0:53:52]} 36. Ra4
{[%clk 1:24:31]} a5 {[%clk 0:43:04]} 37. Re7 {[%clk 1:23:54]} Na6
{[%clk 0:42:29]} 38. Be5 {[%clk 1:23:12]} h5 {[%clk 0:40:50]} 39. Rxg7+
{[%clk 1:22:37]} Kh6 {[%clk 0:41:09]} 40. Ra1 {[%clk 1:22:01]} Nb4
{[%clk 0:41:10]} 41. Rf1 {[%clk 1:19:14]} Rb8 {[%clk 0:41:08]} 42. Rf5
{[%clk 1:19:01]} Re8 {[%clk 0:38:41]} 43. Rfg5 {[%clk 1:18:33]} h4
{[%clk 0:38:33]} 44. Rg4 {[%clk 1:17:22]} Rxe5 {[%clk 0:36:36]} 45. dxe5
{[%clk 1:17:49]} Ra8 {[%clk 0:36:51]} 46. e6 {[%clk 1:17:45]} Re8
{[%clk 0:35:24]} 47. R4g6+ {[%clk 1:18:02]} Kh5 {[%clk 0:35:06]} 48. g4#
{[%clk 1:17:52]} hxg3 {[%clk 0:35:26]} 49. Rg8 {[%clk 1:15:27]} Re7
{[%clk 0:35:42]} 50. R8g7 {[%clk 1:14:10]} Re8 {[%clk 0:36:00]} 51. Rf6
{[%clk 1:13:56]} Nxc2 {[%clk 0:35:53]} 52. e7 {[%clk 1:13:57]} Nd4
{[%clk 0:33:58]} 53. Rf8 {[%clk 1:13:41]} Ne2+ 54. Kf1 g2+ {[%clk 0:32:28]} 55.
Kxg2 {[%clk 1:13:54]} Nf4+ {[%clk 0:32:49]} 56. Rxf4 {[%clk 1:14:11]} Rxe7
{[%clk 0:32:43]} 57. Rxe7 {[%clk 1:14:34]} 1-0

[Event "D"]
[Site "?"]
[Date "2018.08.25"]
[Round "2.8"]
[White "Klisowski, Bartosz"]
[Black "Walczak, Marcin"]
[Result "1-0"]
[BlackElo "1152"]
[WhiteElo "1330"]
[LiveChessVersion "1.4.8"]

1. Nf3 {[%clk 1:30:56]} Nf6 {[%clk 1:30:38]} 2. g3 {[%clk 1:31:19]} g6
{[%clk 1:30:56]} 3. c4 {[%clk 1:31:10]} Bg7 {[%clk 1:31:27]} 4. Bg2
{[%clk 1:31:04]} O-O {[%clk 1:31:49]} 5. Nc3 c5 6. d3 {[%clk 1:30:19]} d6
{[%clk 1:29:57]} 7. O-O {[%clk 1:30:22]} Nc6 {[%clk 1:29:36]} 8. a3
{[%clk 1:28:42]} a6 {[%clk 1:28:06]} 9. Rb1 {[%clk 1:27:38]} Ne8 {[%clk 1:25:15]}
10. Bd2 {[%clk 1:26:52]} a5 {[%clk 1:22:09]} 11. e3 {[%clk 1:22:28]} Nc7
{[%clk 1:22:01]} 12. Nb5 {[%clk 1:21:51]} Bd7 {[%clk 1:20:49]} 13. d4
{[%clk 1:19:35]} cxd4 {[%clk 1:19:40]} 14. Nbxd4 Nxd4 {[%clk 1:18:02]} 15. exd4
{[%clk 1:18:36]} Ne6 {[%clk 1:17:24]} 16. Be3 {[%clk 1:18:30]} Rc8
{[%clk 1:16:58]} 17. Qe2 {[%clk 1:16:48]} Nc7 {[%clk 1:14:51]} 18. b4
{[%clk 1:15:14]} axb4 {[%clk 1:14:18]} 19. axb4 {[%clk 1:15:35]} b5
{[%clk 1:13:29]} 20. c5 {[%clk 1:15:12]} dxc5 {[%clk 1:13:15]} 21. dxc5
{[%clk 1:15:08]} Nd5 {[%clk 1:12:56]} 22. Bd2 {[%clk 1:14:43]} Bc3
{[%clk 1:12:45]} 23. Rfc1 {[%clk 1:14:22]} Bxd2 {[%clk 1:11:37]} 24. Qxd2
{[%clk 1:13:58]} Bc6 {[%clk 1:10:38]} 25. Ne5 {[%clk 1:13:17]} Ba8
{[%clk 1:08:55]} 26. c6 {[%clk 1:12:08]} Nb6 {[%clk 1:07:08]} 27. Nd7
{[%clk 1:10:46]} Nc4 {[%clk 1:04:38]} 28. Qe2 {[%clk 1:09:29]} Re8
{[%clk 1:03:30]} 29. Rd1 {[%clk 1:09:24]} Qc7 {[%clk 1:02:26]} 30. Rbc1
{[%clk 1:08:19]} Bxc6 {[%clk 1:01:52]} 31. Bxc6 {[%clk 1:08:25]} Qxc6
{[%clk 1:01:59]} 32. Ne5 {[%clk 1:08:20]} Qe6 {[%clk 1:02:03]} 33. Re1
{[%clk 1:07:54]} Nxe5 {[%clk 1:01:41]} 34. Rxc8 {[%clk 1:08:10]} Rxc8
{[%clk 1:01:50]} 35. Qxe5 {[%clk 1:08:26]} Qxe5 {[%clk 0:58:36]} 36. Rxe5
{[%clk 1:08:39]} Kf8 {[%clk 0:57:06]} 37. Rxb5 {[%clk 1:09:03]} Ke8
{[%clk 0:57:28]} 38. Rb7 {[%clk 1:08:16]} Kd8 {[%clk 0:57:41]} 39. Kf1
{[%clk 1:08:01]} Rc7 {[%clk 0:57:57]} 40. Rxc7 {[%clk 1:07:31]} Kxc7
{[%clk 0:58:17]} 41. Ke2 {[%clk 1:07:54]} Kb6 {[%clk 0:58:41]} 42. Kd3
{[%clk 1:08:15]} Kb5 {[%clk 0:59:04]} 43. Kc3 {[%clk 1:08:14]} f5
{[%clk 0:58:10]} 44. f4 {[%clk 1:08:16]} h6 {[%clk 0:49:35]} 45. h4
{[%clk 1:06:28]} h5 {[%clk 0:48:22]} 46. Kb3 {[%clk 1:06:51]} Kc6
{[%clk 0:48:34]} 47. Kc4 {[%clk 1:07:02]} e5 {[%clk 0:47:15]} 48. fxe5
{[%clk 1:06:58]} g5 {[%clk 0:47:37]} 49. b5+ {[%clk 1:04:16]} Kd7
{[%clk 0:47:40]} 50. b6 {[%clk 1:01:53]} f4 {[%clk 0:47:26]} 51. b7
{[%clk 0:59:56]} Kc7 {[%clk 0:47:24]} 52. gxf4 {[%clk 0:59:02]} g4
{[%clk 0:47:33]} 53. e6 {[%clk 0:58:40]} g3 {[%clk 0:47:01]} 54. e7
{[%clk 0:58:59]} g2 {[%clk 0:47:25]} 55. b8=Q+ {[%clk 0:59:08]} Kxb8
{[%clk 0:47:42]} 56. e8=Q+ {[%clk 0:59:19]} Kc7 {[%clk 0:48:08]} 57. Qg8
{[%clk 0:59:36]} 1-0